[Event "Selfoss Milk Masters 2nd"]
[Site "Selfoss"]
[Date "2003.10.29"]
[Round "1"]
[White "Nikolic, Predrag"]
[Black "Bologan, Viktor"]
[Result "1-0"]
[WhiteElo "2647"]
[BlackElo "2673"]
[Annotator "Stohl,I"]
[PlyCount "123"]
[EventDate "2003.10.29"]
[EventType "tourn"]
[EventRounds "9"]
[EventCountry "ISL"]
[EventCategory "15"]
[SourceTitle "CBM 098"]
[Source "ChessBase"]
[SourceDate "2004.02.03"]
[SourceVersion "1"]
[SourceVersionDate "2004.02.03"]
[SourceQuality "1"]

1. d4 Nf6 2. c4 g6 3. Nf3 Bg7 4. g3 O-O 5. Bg2 d6 6. O-O Nc6 7. Nc3 a6 8. h3
Bd7 9. e4 e5 10. dxe5 dxe5 11. Be3 {Nikolic plays the very natural older move.
Lately the attention was focused mainly on} (11. Re1 {[%cal Yc3d5] /\Nd5} h6
12. Nd5 (12. Bd2 Be6 13. Nd5 Nd7 (13... Ne8 $5 14. Rc1 Nd6 15. b3 Kh7 16. Bc3
Qd7 17. Kh2 Rae8 {[%cal Yf7f6,Ye6g8,Yf6f5] /\f6,Bg8,f5<=>,1/2,Magerramov,
E-Sakaev,K/Dubai op/2000/}) 14. Rc1 a5 15. Bc3 Nc5 16. b3 Bc8 17. Bb2 Ne6 18.
Kh2 Ncd4 19. Nxd4 exd4 20. c5 Bd7 21. Qd2 (21. f4 $142 $13 {/+/=}) 21... Bc6
22. Nf4 $6 Nxf4 23. Qxf4 a4 24. b4 a3 25. Ba1 f5 26. e5 Bxg2 27. Kxg2 Qd5+ 28.
Qf3 Qxa2 $15 {Pigusov,E-Zulfugarli,M/Dubai op/2003/}) 12... Nh7 13. Be3 Ng5 14.
Nxg5 hxg5 15. Qd2 g4 16. hxg4 Bxg4 17. Bg5 f6 18. Be3 Rf7 19. f3 Be6 20. Rad1
Bf8 21. Qc2 Qe8 22. c5 Na7 23. Bf1 c6 24. Nb6 $14 {Grabarczyk,M-Socko,B/POL-ch
Warsaw/2003/}) 11... Be6 (11... Qc8 12. Kh2 Be6 13. Qe2 (13. b3 $5 {can
transpose into our game and is more promising.}) 13... h6 14. Rfd1 Rd8 15.
Rxd8+ Qxd8 16. Rd1 Nd7 17. Nd5 Rc8 18. b4 Qf8 19. Qd2 Ncb8 20. c5 a5 21. a3 c6
22. Nc3 Na6 23. Qb2 Ra8 24. Bf1 Qb8 25. Nd2 axb4 26. axb4 b6 27. cxb6 Nxb6 28.
b5 $11 {1/2,Itkis,B-Bologan,V/Kishinev/1998/}) 12. b3 {White doesn't want to
commit his Q yet-on a4 it might be too decentralized, while Qe2 might later
allow Black to play Nd4 with tempo.} (12. Qa4 Qc8 ({The pseudoactive} 12... Qd3
$2 13. Nd5 b5 {has been refuted by} 14. Qd1 $1 bxc4 15. Nxc7 Rac8 16. Nxe6 fxe6
17. Qa4 c3 18. Ng5 Rfe8 19. bxc3 h6 20. Nf3 Nxe4 21. Ne1 Nxc3 22. Qxc6 $1 $18 {
Antoniewski,R-Szelag,M/POL-chT Lubniewice/2002/}) 13. Kh2 h6 (13... Re8 14.
Rfd1 h6 15. c5 Nd7 16. Rac1 Na7 17. Bf1 c6 18. Bc4 Bxc4 19. Qxc4 Qc7 20. Na4
Rad8 21. Nb6 Nf8 22. Qb3 Ne6 23. Nc4 Nc8 24. Kg2 Nd4 25. Bxd4 exd4 26. e5 Rd5
27. Rxd4 Rxc5 28. Nd6 $1 $16 {Nogueiras,J-Mista,A/Cappelle la Grande op/2002/}
Rxc1 29. Nxe8 Qe7 30. Nf6+ $1 Bxf6 31. exf6 Qxf6 32. Qe3 $18 {[%cal Re3e8,
Re3c1]}) 14. Rac1 g5 $5 15. Nd2 g4 16. h4 Nd7 17. Nd5 Qb8 18. f4 gxf3 19. Nxf3
Bg4 20. Bh3 Bxh3 21. Kxh3 Re8 22. Nh2 Qc8 {Iljin,A-Inarkiev,E/RUS-ch
Krasnoyarsk/2003/} 23. Kg2 Nd4 $132) 12... h6 $146 (12... Qc8 13. Kh2 Rd8 14.
Qc1 Nd4 $2 15. Nxe5 Nd7 16. Bxd4 Nxe5 17. Bxe5 $1 Bxe5 18. f4 Bd4 19. Qc2 f6
20. Rad1 c6 21. Na4 Qc7 22. c5 g5 23. Rd3 gxf4 24. gxf4 b5 25. Nb6 Rab8 26. b4
$18 {Roiz,M-Stryjecki,M/WChJ Athens/2001/}) ({Black limits himself to passive
defence only with} 12... Qxd1 13. Rfxd1 Rfd8 14. Ng5 Nd4 15. Nxe6 fxe6 16. Rd2
Rd7 17. c5 Rad8 18. Kh1 Kf7 19. Na4 Nc6 20. Rad1 Nb4 21. Rxd7+ Rxd7 22. Rxd7+
Nxd7 23. a3 Nc2 24. Bc1 a5 25. Bd2 b5 26. cxb6 cxb6 27. b4 b5 28. Nc3 Nxa3 29.
bxa5 Nc4 30. Be1 b4 $11 {Ilincic,Z-Socko,B/Belgrade/1999/ This is not in
Bologan's style, but the whole line doesn't promise Black any realistic
winning prospects anyway.}) 13. Qc1 Qc8 14. Kh2 g5 $6 {Black tries to emulate
the abovementioned game Iljin-Inarkiev, but here he doesn't get to the g4
advance due to the position of White's Q and only weakens his >>.} ({More
natural and circumspect was} 14... Kh7 $142 15. Rd1 (15. Ne1 Nd7 16. f4 f5 $132
) 15... Rd8 $14 {/= and Black has good prospects to neutralize White's slight
edge.}) 15. Ne1 $1 Qd8 (15... g4 $2 {fails tactically to} 16. Bxh6 gxh3 17.
Bxg7 Kxg7 (17... hxg2 18. Bxf6 $1 gxf1=N+ 19. Kg1 $18) 18. Qg5+ $18) (15... Nd4
16. f4 $5 $36 (16. Nd3 g4 17. Nd5 $1 $14)) 16. Qd1 $5 {[%cal Ye1d3] /\Nd3
White insists on playing Nd3 is not afraid of an _|_.} Nd4 (16... Qxd1 17. Rxd1
$14 {|^_|_}) (16... g4 17. f3 $1 $14) 17. Nd3 Nh7 $6 (17... Nd7 $142 $14 {
was more to the point, the N is better placed on d7 and Black could possibly
play even c5.} 18. Nxe5 $6 Nxe5 19. Bxd4 Qxd4 20. Qxd4 Ng4+ 21. hxg4 Bxd4 $11)
18. Qd2 c6 19. Rad1 {[%cal Rd3e5] /\Ne5} Qa5 (19... Qc7 20. Nxe5 $5 Nxb3 21.
axb3 Qxe5 (21... Bxe5 22. f4 gxf4 23. gxf4 $40 {[%csl Rg8] ׻}) 22. Ne2 $16)
20. Na4 $1 $16 (20. Nxe5 Nxb3 21. axb3 Bxe5 22. Bd4 Rad8 23. Qe3 $14 {is not
as impressive for White as in the above note, as it allows Black to ease his
defensive task with exchanges.}) 20... Qxd2 {Now Black loses material
practically by force, somewhat better was} (20... Qc7 21. Nxe5 $16 (21. Nac5
$16)) 21. Rxd2 {[%csl Rb6,Rc5][%cal Rd3e5] /\Ne5,><c5,b6} b5 (21... Rad8 22.
Rfd1 b5 23. cxb5 $1 (23. Nac5 bxc4 24. Nxe6 Nxe6 25. bxc4 {[%cal Rd3b4] /\Nb4}
Rb8 26. Bf3 $16) 23... axb5 24. Nac5 $18 {[%cal Rd3e5] /\Ne5}) 22. Nb6 Rab8 (
22... Rad8 23. Rfd1 bxc4 24. Nxc4 Bxc4 25. bxc4 {[%cal Rd3e5,Rd3b4] /\Ne5,Nb4+-
}) 23. c5 Rfd8 (23... f6 24. Bxd4 exd4 25. Nb4 $18) (23... Rb7 24. f4 $1 gxf4
25. gxf4 {[%csl Rd4] פd4}) 24. Nxe5 $1 {[%mdl 4160]} (24. Rfd1 $16 {was also
strong, but by simple tactics White wins a P immediately and gradually
realizes it in the _|_.}) 24... Bxe5 (24... Nxb3 $2 25. Rxd8+ Rxd8 26. Nxc6 $18
) 25. Rfd1 Nf8 (25... g4 26. Bxd4 Bxd4 27. Rxd4 Rxd4 28. Rxd4 gxh3 29. Bxh3
Bxh3 30. Kxh3 Ng5+ 31. Kg4 Ne6 32. Nd7 $1 Nxd4 33. Nxb8 $18) 26. Bxd4 Bc7 27.
e5 Nd7 (27... Ng6 28. Bxc6 Bxe5 (28... Nxe5 29. Bxe5 Rxd2 30. Bxc7 $18) 29.
Bxe5 Rxd2 30. Rxd2 Nxe5 31. Bg2 $18) 28. Nxd7 (28. Bxc6 Nxb6 29. cxb6 Bxb6 $16)
28... Bxd7 29. e6 (29. Be3 Be8 30. f4 $16 {/+- seems simpler.}) 29... Bxe6 $8 (
29... fxe6 $2 30. Bf6 $18) (29... Be8 30. e7 Rd7 31. Bf6 $18) 30. Bxc6 Ba5 31.
Rc2 Bd5 $5 {The temporary disharmony of White's forces gives Black some
fleeting chances.} 32. Bxd5 Rxd5 33. a3 $1 (33. a4 bxa4 $1 (33... Rbd8 34. axb5
axb5 35. Ra1 $18) 34. bxa4 Rb4 $132) 33... Rbd8 34. b4 Bc7 (34... Bxb4 $5 35.
axb4 Rxd4 36. Rxd4 Rxd4 37. c6 Rd8 38. Kg2 Kf8 39. Kf3 Ke7 40. Ke4 Ke6 41. c7
Rc8 42. Rc6+ Kd7 43. Rxh6 Rxc7 44. Rxa6 Rc4+ 45. Kf5 $16 {/+- also shouldn't
be enough to save the game.}) 35. Rcd2 Be5 36. Be3 Rxd2 37. Rxd2 Rxd2 38. Bxd2
Kf8 (38... Bb2 $2 39. c6 Be5 40. f4 $18 {wins another P.}) 39. f4 Bf6 $8 (39...
gxf4 40. Bxf4 Bb2 41. Bxh6+ Ke8 42. Bd2 Bxa3 43. h4 $18) 40. fxg5 hxg5 41. Kg2
$18 {B_|_} Ke7 (41... g4 42. h4 $1 Bb2 43. h5 Bxa3 44. Bc3 Bc1 45. Bg7+ $1 Ke7
(45... Kxg7 46. c6 $18) 46. h6 $18) 42. Kf3 Ke6 43. Bc1 $2 {This passive move
greatly complicates White's task, in the end he will win only due to Black's
heavy error.} (43. Ke4 $6 Bd8 44. g4 f6 $14) (43. Kg4 $1 Bb2 44. Kxg5 $18 {
[%csl Gc5,Gh3] o^c,h}) 43... Kf5 $1 {[]} (43... Kd5 44. Kg4 $18) 44. g4+ (44.
c6 g4+ $1 (44... Bd8 45. h4 $1 $18) 45. hxg4+ Ke6 46. Ke4 Kd6 47. g5 Bc3 48.
Kf5 Kxc6 49. g6 fxg6+ 50. Kxg6 a5 $1 51. bxa5 Bxa5 52. g4 Kd7 53. Kf7 Bd8 {/\}
54. g5 Bxg5 $11) 44... Ke6 45. c6 Bd8 $1 (45... Kd6 46. Ke4 Bc3 (46... Kxc6 47.
Kf5 $18) 47. Bxg5 Bb2 48. h4 Bxa3 49. Bd2 Kxc6 50. h5 Bb2 51. h6 Kd7 52. Be3 {
[%cal Re3d4] /\Bd4+-}) 46. c7 (46. Ke4 f6 47. Bb2 Bc7 $14) 46... Bxc7 47. Bxg5
f5 $1 (47... Be5 48. Bc1 {/\} f5 49. g5 $18) (47... a5 48. Bd2 $18) 48. Bf4
fxg4+ 49. hxg4 (49. Kxg4 Bd8 {and even the more distant o^ doesn't give White
too many winning chances, as Black always manages to exchange a pair of P on
the << and White's remaining P (on a3 or b4) will be a target for Black's B.}
50. Bd2 Bf6 51. Bc1 Bd8 52. h4 a5 53. h5 axb4 54. axb4 Be7 55. Bd2 Kf7 56. Bc3
Kg8) 49... Bd8 50. Ke4 a5 51. Bd2 axb4 (51... a4 52. g5 Be7 53. Be3 $22 (53. g6
$2 Bf6 $1) 53... Bd8 (53... Bd6 54. g6 Kf6 55. Kd5 $18) 54. g6 Bf6 (54... Kf6
55. Bg5+ $18) 55. Bd4 Bg5 56. g7 Kf7 57. Bb2 $18 {[%cal Re4c6] /\Kd5-c6}) 52.
axb4 Be7 53. g5 Kf7 (53... Bd6 $5 54. Bc3 Bc7 55. Bd4 (55. g6 $2 Bd6) 55... Bd6
56. Bc5 Bc7 {and again it's not easy to see, how can White break through.}) 54.
Kf5 Bf8 55. Bc3 Be7 56. Be1 Bd6 57. Bc3 Be7 58. g6+ Kg8 59. Ke5 $5 (59. Ke6 Bf8
60. Kd5 $2 Bxb4 61. Bxb4 Kg7 $11) 59... Bf8 (59... Bd8 60. Kd6 Be7+ $1 $11) (
59... Kg7 60. Ke6+ Kg8 $1 $11) 60. Ke6 Bh6 $4 {[%mdl 8192]} (60... Be7 $1 {
[] with the recurring stalemate trick still is a draw.} 61. Be1 (61. g7 Bxb4
$11) 61... Bf8 62. Bd2 Kg7 63. Kf5 Kg8 $11) 61. g7 $18 Bg5 (61... Bc1 62. Kd5
Ba3 63. Kc5 $18) 62. Kd6 {[%cal Rd6b5] /\Kc5xb5+-} (62. Kd5 $2 Be7 {[%cal
Re7b4] /\Bb4=}) (62. Kd7 $18) 1-0

[Event "EU-ch 17th"]
[Site "Gjakova"]
[Date "2016.05.19"]
[Round "7"]
[White "Inarkiev, Ernesto"]
[Black "Saric, Ivan"]
[Result "1-0"]
[WhiteElo "2686"]
[BlackElo "2650"]
[Annotator "Krasenkow,M"]
[PlyCount "97"]
[EventDate "2016.05.12"]
[EventType "swiss"]
[EventRounds "11"]
[EventCountry "KOS"]
[SourceTitle "CBM 173"]
[Source "ChessBase"]
[SourceDate "2016.07.12"]
[SourceVersion "1"]
[SourceVersionDate "2016.07.12"]
[SourceQuality "1"]

1. d4 Nf6 2. c4 g6 3. Nc3 Bg7 4. e4 d6 5. Nf3 O-O 6. Be2 e5 7. Be3 Qe8 8. dxe5
Ng4 9. Bg5 Nxe5 (9... h6 10. Bd2 Nxe5 11. Nxe5 (11. Nd5 Nxf3+ 12. Bxf3 Qd8 13.
Bc3 Bxc3+ 14. Nxc3 Be6 15. Be2 Nc6 16. Qd2 {1/2 (65) Ivkov,B (2515)-Byrne,R 
(2550) Bugojno 1978 MCL [Bulletin]} Qg5 $1 $11) 11... Qxe5 12. Qc1 Kh7 13. Bf4
$14 {S.Atalik}) 10. Nd4 {White avoids the exchange of knights.} (10. O-O Nxf3+
11. Bxf3 Qe5 (11... Bxc3 12. bxc3 Qe5 13. Qd2 Nd7 14. Bf4 Qe7 15. Rfe1 Ne5 16.
Be2 Re8 17. Bg3 b6 18. f4 Nd7 19. e5 Bb7 $13 {1/2 (37) Shulman,Y (2563)-Ding,L
(2709) Reykjavik 2013}) 12. Be3 Nc6 13. Rc1 Be6 14. Nd5 Qxb2 15. Nxc7 Rad8 16.
Nxe6 fxe6 17. Rb1 Qxa2 18. Rxb7 Qxc4 19. Rc7 Rf7 20. Be2 Qxe4 21. Bf3 Qxf3 22.
Qxf3 Rxc7 $11 {1/2 (74) Svane,R (2542)-Saric,I (2678) Germany 2016}) (10. Nd5
Nxf3+ 11. gxf3 (11. Bxf3 Qe5 12. Bd2 Na6 13. Bc3 Qe6 14. O-O Bxc3 15. Nxc3 Qe5
16. Be2 Qg7 17. f4 Bd7 18. f5 Bc6 19. Qd2 Rfe8 20. f6 Qf8 $13 {0-1 (38) Kunte,
A (2532)-Safin,S (2459) New Delhi 2007}) 11... f6 (11... Qe5 12. Bd2 Na6 13.
Bc3 $14 {1-0 (41) Atalik,S (2575)-Jurkovic,A (2326) Bled 2000 EXT 2002 [Atalik,
S]}) 12. Be3 Rf7 $13 {[%cal Yf6f5]}) 10... Be6 (10... Nbc6 $6 11. Ndb5 f6 12.
Be3 Rf7 13. Nd5 Qd8 14. f4 a6 15. Nbxc7 {1-0 (15) Jorczik,J (2389)-Raykhman,A 
(2362) Munich 2010}) (10... Nec6 11. Ndb5 Na6 12. O-O f5 13. Nd5 $5 (13. exf5
$143 Bxf5 14. Qd2 Qd7 $11 {1-0 (60) Hoerstmann,R (2285)-Kuehl,R Germany 1990})
13... Rf7 14. exf5 Bxf5 15. Qd2 $14) 11. Nxe6 {[%mdl 32] White's bishop pair
will be a long-term advantage if he consolidates his position.} fxe6 (11...
Qxe6 $5 {was more challenging, e.g.} 12. Nd5 Na6 $11 13. c5 $6 dxc5 14. O-O c6
$1 (14... c4 15. f4 Nd3 16. Bxd3 cxd3 17. Qxd3 $14 {1-0 (19) Musat,A (2394)
-Pavlidis,A (2539) Skopje 2015}) 15. Bxa6 cxd5 16. Bxb7 dxe4 17. Bxa8 Rxa8 $44)
12. O-O (12. Rc1 $5 Na6 13. O-O Nc6 $1 {[%cal Ya6c5]} (13... Nc5 $6 14. b4 Nf7
15. Be3 Bxc3 16. bxc5 Bg7 17. cxd6 cxd6 18. c5 $16 {1-0 (28) Shchekachev,A 
(2553)-Lokander,M (2309) Paris 2014})) 12... Nf7 $6 {Not a good place for this
knight.} (12... Nbc6 13. Be3 Nd7 14. Rc1 Nc5 15. f3 Qe7 16. Qd2 Rf7 $11 17. Nb5
$6 a6 18. Nd4 Bxd4 19. Bxd4 Nxd4 20. Qxd4 e5 21. Qe3 a5 $15 {[%csl Re2] 0-1 
(31) Dale,A (2291)-Salem,A (2603) Wijk aan Zee 2015}) 13. Be3 c5 14. f4 Nc6 {
Black seizes the d4-square but White's pieces are active enough to bypass
Black's centralised knight.} 15. Bd3 a6 16. Kh1 Rb8 17. Rb1 Nb4 ({Black
understands that} 17... Nd4 {is harmless but finally can't find a better place
for his knight.}) 18. Be2 Nc6 19. Qd3 Nd4 20. Bg4 b5 21. b4 $6 {[%mdl 512]
This pawn sacrifice is hardly necessary.} (21. cxb5 $5 axb5 22. b4 $36 c4 $140
23. Qd2 {[%csl Rd4]}) 21... bxc4 22. Qxc4 Nc2 $1 23. Bc1 Rxb4 24. Rxb4 Nxb4 25.
Bd2 $44 {White has sufficient compensation for the pawn as his pieces are much
more active. However, it is not enough to claim an advantage.} ({Of course, not
} 25. Bxe6 $2 Bxc3 26. Bxf7+ Qxf7 27. Qxc3 Nxa2) 25... Nd8 26. a3 Nc2 (26...
Bxc3 $142 $1 27. Bxc3 (27. Qxc3 Nbc6) 27... Nc2 {[%cal Rc2e3,Rc2a3,Ye8b5]} 28.
Bb2 Qb5 $1 29. Bxe6+ Nxe6 30. Qxe6+ Rf7 {, and White must probably give a
perpetual.}) 27. Ne2 $1 Nxa3 (27... Nd4 28. Nxd4 Bxd4 29. Qxa6 $14) 28. Qxa6 h5
$6 {This intermediate move is wrong as it merely weakens Black's kingside.} (
28... Nb5 $142 29. Rb1 Nd4 30. Nxd4 Bxd4 31. Qxd6 e5 32. f5 $14) 29. Bf3 Nb5
30. Rb1 Nd4 31. Nxd4 cxd4 (31... Bxd4 32. Qxd6 e5 33. f5 {is now much more
dangerous for Black.}) 32. Qxd6 Nf7 (32... e5 33. f5 $16) 33. Qb6 Qd7 (33...
Nh6 34. h3 {[%csl Rh6]}) 34. e5 Bh6 (34... Nh6 35. Bc6 Qc8 36. Rc1 Qd8 37. Qb3
{[%csl Re6]}) 35. Bc6 (35. Rb4 $16 {[%csl Rd4]}) 35... Qc8 $6 (35... Qd8 $1 $16
) 36. Qb5 $2 {[%mdl 8192] Probably a blunder.} ({Instead, White could have won
an exchange by means of} 36. Bb4 Rd8 37. Be7 $18) 36... Nxe5 $1 {A sudden
tactical blow, which should equalise the game.} 37. Be4 Nc4 38. Rc1 Nxd2 $2 {
It looks like after this queen sacrifice Black builds up a fortress but alas,
the weakness of the g6-pawn becomes decisive.} ({It was not easy to find the
right continuation:} 38... Nd6 $1 39. Qe5 Bxf4 $3 40. Qxd4 (40. Bxf4 $4 Qxc1+
41. Bxc1 Rf1#) 40... Be3 $1 41. Rxc8 $8 Bxd4 42. Rxf8+ Kxf8 43. Bxg6 h4 $11)
39. Rxc8 Rxc8 40. Bc6 Bxf4 41. g3 Be3 42. Qe5 $1 Rf8 (42... Rxc6 $5 43. Qb8+
Kg7 44. Qb7+ Kf6 45. Qxc6 {was probably more stubborn but in that case, too,
White should gradually win.}) 43. Qxe6+ Kg7 44. Qe5+ Kh6 45. h4 Nf1 46. Bb5 $1
Nd2 47. Bd3 Ra8 48. Qf6 Ra1+ 49. Kh2 1-0

[Event "FIDE World Cup"]
[Site "Baku"]
[Date "2015.09.18"]
[Round "3.2"]
[White "Jakovenko, Dmitrij"]
[Black "Ivanchuk, Vassily"]
[Result "1-0"]
[WhiteElo "2748"]
[BlackElo "2726"]
[Annotator "Krasenkow,M"]
[PlyCount "69"]
[EventDate "2015.09.11"]
[EventType "k.o."]
[EventRounds "7"]
[EventCountry "AZE"]
[SourceTitle "CBM 169"]
[Source "ChessBase"]
[SourceDate "2015.11.10"]
[SourceVersion "1"]
[SourceVersionDate "2015.11.10"]
[SourceQuality "1"]

1. d4 Nf6 2. c4 g6 3. Nc3 Bg7 4. e4 d6 5. h3 O-O 6. Nf3 a6 7. Bd3 {Less common
but not less strong than} (7. Be3) ({or} 7. Bg5) {White's idea is to
over-protect his central e4-pawn as soon as possible.} 7... c6 (7... c5 8. d5
b5 {is a more appropriate reaction} ({rather than} 8... e6 {, to which White
can restrict Black's counterplay by means of} 9. a4) {e.g.} 9. cxb5 axb5 10.
Nxb5 Na6 $132 {in the spirit of the Benko Gambit.}) 8. O-O (8. a4 a5 $1 {
[%cal Ye7e5]}) 8... b5 9. Re1 (9. e5 $5 {is another principled move here. An
example:} dxe5 (9... Nfd7 10. exd6 exd6 11. Re1 $36) (9... Ne8 10. Bg5 $5) 10.
dxe5 Nfd7 11. e6 $1 Nc5 12. exf7+ Kxf7 13. Bc2 Qxd1 14. Rxd1 Bf5 15. Bxf5 gxf5
16. Be3 Nbd7 17. cxb5 axb5 18. Rac1 Rfd8 19. Nxb5 cxb5 20. Bxc5 Bxb2 21. Rb1
$14 {1/2 (60) Hoffmann,M (2474)-Baklan,V (2627) Neustadt an der Weinstrasse
2009}) ({Practice has also seen:} 9. Qe2) (9. Bg5) (9. cxb5) (9. Bf4) (9. a3) (
9. d5) (9. b3) (9. Be3) 9... Nbd7 (9... bxc4 10. Bxc4 d5 11. Bb3 dxe4 (11... e6
12. Bg5 Qb6 13. Qd2 a5 14. e5 Nfd7 15. Rac1 Na6 16. Bh6 $16 {1-0 (23) Kizov,A 
(2418)-Hristodorescu,D (2229) Ischia 2012}) 12. Nxe4 Nxe4 13. Rxe4 Nd7 14. Bg5
Nf6 15. Re1 h6 16. Bh4 e6 17. Qc2 Qb6 18. Rad1 Bd7 19. Ne5 $16 {1-0 (38)
Morozevich,A (2774)-Solak,D (2630) Neum 2008}) (9... Ne8 10. Bg5 f6 11. Bh4 Nd7
12. Bf1 b4 13. Na4 Qc7 14. c5 dxc5 15. dxc5 Qa5 16. Qc2 e5 17. Nd2 Kh8 18. Red1
Qc7 19. Nc4 $16 {1-0 (45) San Segundo Carrillo,P (2375)-Taimanov,M (2495)
Palma de Mallorca 1989}) (9... Nfd7 10. Be3 (10. Bg5 $5) 10... Nb6 11. cxb5 (
11. c5 $5 dxc5 12. dxc5 N6d7 13. Qd2) 11... axb5 12. a3 N8d7 13. Qd2 Bb7 14.
Bh6 {1/2 (14) Golod,V (2577)-Gutman,L (2465) Bad Zwischenahn 2006}) 10. Bg5 (
10. e5 $5) 10... h6 {As often happens in positions after h2-h3 and Bc1-g5, it
is probably better for Black to refrain from this weakening move.} (10... e5 $5
11. d5 bxc4 12. Bxc4 c5 $14) 11. Be3 bxc4 (11... e5 {was better here, too.})
12. Bxc4 d5 13. Bd3 dxe4 14. Nxe4 Nd5 15. Bd2 {Black can't push ...c6-c5, and
his weak c6-pawn guarantees White a lasting edge.} Qb6 16. b4 $5 (16. Qc1 $5)
16... Nxb4 (16... Bxd4 {is possible here although after} 17. Nxd4 Qxd4 18. Bxh6
Rd8 19. Bc2 Qxb4 (19... Qxd1 20. Raxd1 Nxb4 21. Ng5 $1 Nxc2 $2 22. Rxe7 $18 {->
}) 20. Rb1 Qa5 21. Qd4 N7f6 22. Bb3 {White obtains excellent compensation for
the missing pawn. E.g.} Bf5 23. Nxf6+ Nxf6 24. Qh4 $1 Bxb1 25. Rxe7 Nh5 26.
Bxf7+ Kh8 27. Bb3 Qc3 28. g4 Re8 $8 29. Bg7+ Qxg7 30. Rxg7 Kxg7 31. gxh5 {
, and he keeps winning chances.}) {Instead, Black goes for a queen sacrifice
but doesn't obtain enough compensation due to his poor development.} 17. Rb1 a5
18. a3 Nxd3 {[%mdl 512]} 19. Rxb6 Nxb6 20. Re3 Nb2 21. Qc1 N2c4 22. Rc3 (22.
Re1 {was more appropriate} Nxd2 $140 23. Nexd2 {[%cal Re1e7,Rc1c6]}) 22... Nxd2
23. Qxd2 Rd8 24. Qe1 (24. Rxc6 Bb7 25. Rxb6 Bxe4 {is clearly good for Black.})
24... Nd5 25. Rxc6 Bb7 26. Rc5 Nf4 27. Rc7 Rab8 $6 (27... Bd5 $142 28. Rxe7 Ne6
{with good drawing chances.}) 28. Rxe7 Nd5 29. Rxb7 Rxb7 30. Qxa5 {White's
material advantage is now clearly convertible although his task is still
difficult.} Rbb8 31. Ne5 Ra8 32. Qc5 Rac8 33. Qa7 Rc1+ 34. Kh2 Nc7 $2 {[%mdl
8192] Probably overlooking White's reply.} (34... Rc7 35. Qa5 {[%cal Ya3a4]})
35. Nc5 {Black's resignation is a bit premature but even the best defence} (35.
Nc5 Bxe5+ 36. dxe5 Rd5 $1 (36... Nd5 37. e6 $1) 37. Ne4 Kg7 $1 (37... Rxe5 38.
Qb8+ {[%cal Yb8b2,Rb2e5,Rb2c1]}) {is rather hopeless for him after} 38. Qb8 Ne6
39. Nd6 $1) 1-0